Statistics for Flags of European Regions Quiz

Click here to take the quiz!

General Stats

  • This quiz has been taken 159 times
  • The average score is 7 of 16

Answer Stats

Answer% Correct
Basque Country
81%
Bavaria
80%
Brittany
72%
Flanders
72%
Sicily
68%
Wallonia
68%
Cornwall
46%
Sápmi
39%
Occitania
32%
Tuscany
32%
Moldavia
26%
Skåneland
22%
Moravia
21%
Connacht
13%
Silesia
13%
Latgale
5%

Score Distribution

Percentile by Number Answered

Percent of People with Each Score

Your Score History

You have not taken this quiz